[Event "AUTO-OPEN-490"]
[Site "http://www.queenalice.com/game.php?id=339519"]
[Date "2008.1.20"]
[Round "3"]
[White "extinsion_extelar"]
[Black "Nimzo81"]
[Result "0-1"]
[WhiteElo "1896"]
[BlackElo "2142"]

1. e4 c6 2. d4 d5 3. f3 dxe4 4. fxe4 e5 5. Nf3 Bg4 6. dxe5 Qxd1+ 7. Kxd1 Nd7 8.
Ke1 Bxf3 9. gxf3 Nxe5 10. Be2 Bc5 11. Nc3 O-O-O 12. Na4 Bb4+ 13. c3 Be7 14. Be3
b6 15. Rg1 Ng6 16. f4 Nf6 17. f5 Ne5 18. Bf4 Nd3+ 19. Bxd3 Rxd3 20. Rxg7 Nh5 21.
f6 Nxg7 22. fxe7 Ne6 0-1

[Event "AUTO-OPEN-490"]
[Site "http://www.queenalice.com/game.php?id=339520"]
[Date "2008.1.20"]
[Round "3"]
[White "Nimzo81"]
[Black "extinsion_extelar"]
[Result "1-0"]
[WhiteElo "2137"]
[BlackElo "1903"]

1. Nc3 Nf6 2. Nf3 d5 3. d4 e6 4. Bg5 Be7 5. Qd2 Nbd7 6. O-O-O O-O 7. Qf4 Bd6 8.
Qh4 h6 9. Bxf6 Qxf6 10. Qxf6 Nxf6 11. e3 Bb4 12. Bd3 c5 13. dxc5 Rd8 14. h3 Bd7
15. Ne5 Bxc5 16. Nxd7 Rxd7 17. Ne2 g6 18. Nd4 Kg7 19. c3 Re7 20. Nb3 Bd6 21. Kb1
Rc8 22. Rhe1 1-0

[Event "AUTO-MASTER-470"]
[Site "http://www.queenalice.com/game.php?id=356371"]
[Date "2008.2.18"]
[Round "1"]
[White "Blackangel"]
[Black "Nimzo81"]
[Result "1-0"]
[WhiteElo "1948"]
[BlackElo "2157"]

1. e4 c6 2. Nf3 d5 3. d3 dxe4 4. dxe4 Qxd1+ 5. Kxd1 Bg4 6. Be2 Nd7 7. Nbd2 O-O-O
8. Ng5 Bxe2+ 9. Kxe2 Nh6 10. Re1 e5 11. Kf1 Nb6 12. c3 Be7 13. Ndf3 Na4 14. Nxe5
f6 15. Ngf7 fxe5 16. Nxe5 1-0

[Event "AUTO-MASTER-470"]
[Site "http://www.queenalice.com/game.php?id=356372"]
[Date "2008.2.18"]
[Round "1"]
[White "Nimzo81"]
[Black "Blackangel"]
[Result "0-1"]
[WhiteElo "2139"]
[BlackElo "1972"]

1. b3 e5 2. Bb2 Nc6 3. c4 Nf6 4. e3 d5 5. cxd5 Nxd5 6. Nc3 Be6 7. Nf3 Bd6 8. Ne4
h6 9. Bb5 f6 10. O-O Ne7 11. d4 O-O 12. Bxc6 Nxc6 0-1

[Event "AUTO-MASTER-470"]
[Site "http://www.queenalice.com/game.php?id=356385"]
[Date "2008.2.18"]
[Round "1"]
[White "JMasters"]
[Black "Nimzo81"]
[Result "0-1"]
[WhiteElo "1796"]
[BlackElo "2124"]

1. e4 c6 2. d4 d5 3. Nc3 dxe4 4. Nxe4 Nf6 5. Nxf6+ exf6 6. c3 Bd6 7. Nf3 O-O 8.
Bd3 Re8+ 9. Be3 Be6 10. Qc2 g6 0-1

[Event "AUTO-MASTER-470"]
[Site "http://www.queenalice.com/game.php?id=356386"]
[Date "2008.2.18"]
[Round "1"]
[White "Nimzo81"]
[Black "JMasters"]
[Result "1-0"]
[WhiteElo "2122"]
[BlackElo "1799"]

1. b3 d5 2. Bb2 Nf6 3. Nf3 Bf5 4. e3 e6 5. Bb5+ c6 6. Be2 Nbd7 7. O-O Bd6 8. Nh4
Bg6 9. f4 O-O 10. Nxg6 hxg6 11. Nc3 Nh7 12. d4 1-0

[Event "AUTO-MASTER-470"]
[Site "http://www.queenalice.com/game.php?id=356395"]
[Date "2008.2.18"]
[Round "1"]
[White "Nimzo81"]
[Black "ozzyvegeta"]
[Result "1-0"]
[WhiteElo "2156"]
[BlackElo "2070"]

1. b3 d5 2. Bb2 c6 3. c4 Nf6 4. Nf3 e6 5. e3 Be7 6. Nc3 O-O 7. d4 Nbd7 8. Bd3
Re8 9. O-O Bf8 10. Qc2 g6 11. Rad1 Bg7 12. h3 Nh5 13. Ba3 Nb6 14. Qd2 Bd7 15. e4
dxe4 16. Nxe4 Nc8 17. Ne5 a5 18. g4 Nf6 19. Ng5 b5 20. Ngxf7 Qc7 21. Nh6+ Bxh6
22. Qxh6 Ne7 23. Qf4 Kg7 24. g5 Nfg8 25. Qf7+ Kh8 26. Nxd7 Qxd7 27. Bb2 1-0

[Event "AUTO-MASTER-470"]
[Site "http://www.queenalice.com/game.php?id=356396"]
[Date "2008.2.18"]
[Round "1"]
[White "ozzyvegeta"]
[Black "Nimzo81"]
[Result "0-1"]
[WhiteElo "2083"]
[BlackElo "2146"]

1. e4 c6 2. d4 d5 3. Nc3 dxe4 4. Nxe4 Nf6 5. Nxf6+ exf6 6. Nf3 Bd6 7. Bc4 O-O 8.
O-O Na6 9. c3 Re8 10. Be3 Nc7 11. Re1 Nd5 12. Bd2 Rxe1+ 13. Qxe1 Bf5 14. Rd1 Qd7
15. Bb3 Re8 16. Qf1 Be4 17. Ne1 h6 18. Nc2 Qf5 19. Ne3 Qh5 20. h3 Nf4 21. Bc1
Ne2+ 0-1

[Event "Challenge"]
[Site "http://www.queenalice.com/game.php?id=369735"]
[Date "2008.3.12"]
[Round "-"]
[White "Nimzo81"]
[Black "tche_elvio"]
[Result "1-0"]
[WhiteElo "2165"]
[BlackElo "1621"]

1. b3 f5 2. Bb2 d6 3. e3 Nf6 4. Nf3 a6 5. Nc3 Bd7 6. Be2 e5 7. d4 e4 8. Ng5 g6
9. d5 c6 10. O-O c5 11. Ne6 Bxe6 12. dxe6 b5 13. Nd5 Be7 14. a4 bxa4 15. Rxa4
O-O 16. Nxf6+ Bxf6 17. Bxf6 Qxf6 18. Qd5 Kg7 19. Qxa8 Qxe6 20. Bc4 Qe7 21. Bxa6
Nxa6 22. Qxa6 h5 23. Qb6 Qf6 24. Ra7+ Rf7 25. Rxf7+ Kxf7 26. Qa7+ Ke6 27. Ra1
Ke5 28. Qb7 Qe6 29. c4 g5 30. Ra7 f4 31. Qg7+ Qf6 32. Re7+ Kf5 33. Qh7+ Kg4 34.
h3+ Kh4 35. g3+ Kxh3 36. Qxh5# 1-0

[Event "AUTO-MASTER-470"]
[Site "http://www.queenalice.com/game.php?id=434158"]
[Date "2008.7.16"]
[Round "2"]
[White "Nimzo81"]
[Black "ozzyvegeta"]
[Result "1-0"]
[WhiteElo "2167"]
[BlackElo "2105"]

1. Nc3 d5 2. e4 dxe4 3. Nxe4 e5 4. Bc4 Nf6 5. Nxf6+ Qxf6 6. Nf3 Bg4 7. h3 Bh5 8.
d3 Bc5 9. Bg5 Bxf3 10. Qxf3 Qxf3 11. gxf3 f6 12. Be3 Nd7 13. Ke2 O-O-O 14. Rhg1
g6 15. Be6 Bd6 16. h4 Rhe8 17. Bh3 b6 18. h5 g5 19. Bf5 h6 20. c3 c6 21. b4 Kc7
22. a4 a6 23. a5 b5 24. Rab1 Kb7 25. c4 Nf8 26. Be4 Kc7 27. cxb5 cxb5 28. Rgc1+
Kb8 29. Rc6 Re7 30. Rbc1 Ne6 31. Rxa6 1-0

[Event "AUTO-MASTER-470"]
[Site "http://www.queenalice.com/game.php?id=434159"]
[Date "2008.7.16"]
[Round "2"]
[White "ozzyvegeta"]
[Black "Nimzo81"]
[Result "0-1"]
[WhiteElo "2093"]
[BlackElo "2177"]

1. e4 c6 2. d4 d5 3. exd5 cxd5 4. Nf3 Nc6 5. Nc3 Bg4 6. Be2 e6 7. O-O Nf6 8. Bg5
Be7 9. h3 Bh5 10. Ne5 Bxe2 11. Nxe2 O-O 12. g4 Nxe5 13. dxe5 Nd7 14. Bxe7 Qxe7
15. f4 Rac8 16. c3 Nc5 17. Ng3 Qd7 18. f5 Qb5 19. f6 Qxb2 20. fxg7 Kxg7 21. Rc1
Kh8 22. Rc2 Qb6 23. Kh2 Nd7 24. Qf3 Qc7 25. Re2 Qxc3 26. Re3 Qa5 27. Nh5 Qxa2+
28. Kg3 d4 29. Ra3 Qxa3 30. Qxa3 Rc3+ 31. Qxc3 dxc3 32. Rc1 Rc8 0-1

[Event "TP-GIXG"]
[Site "http://www.queenalice.com/game.php?id=442087"]
[Date "2008.8.1"]
[Round "1"]
[White "MWinter"]
[Black "Nimzo81"]
[Result "1/2-1/2"]
[WhiteElo "1420"]
[BlackElo "2148"]

1. e4 c6 2. c4 d5 3. exd5 cxd5 4. d4 g6 5. Nc3 Nf6 6. Nf3 Bg7 7. cxd5 Nxd5 8.
Qb3 Nxc3 9. bxc3 O-O 10. Bd3 Nc6 11. Be3 Qc7 12. O-O Bg4 13. Nd2 Rad8 14. f3 Be6
15. Qb2 Bc8 16. Ne4 b6 17. Rad1 Bb7 18. Qc2 Na5 19. Bf2 Nc4 20. Rfe1 Rc8 21. Bg3
Qd7 22. Qe2 Nd6 23. Nxd6 exd6 24. Qe7 Qxe7 25. Rxe7 Bd5 26. Rxa7 Rxc3 27. Bxd6
Bxd4+ 28. Kf1 Rd8 29. Be7 Re8 30. Be2 Bc5 31. Bxc5 Rxc5 32. a4 Bc4 1/2-1/2

[Event "TP-GIXG"]
[Site "http://www.queenalice.com/game.php?id=442095"]
[Date "2008.8.1"]
[Round "2"]
[White "Nimzo81"]
[Black "fugazeton2"]
[Result "1-0"]
[WhiteElo "2166"]
[BlackElo "1631"]

1. Nc3 d5 2. e4 d4 3. Nce2 e5 4. Ng3 Nf6 5. Bc4 Be7 6. Nf3 Nc6 7. O-O O-O 8. a3
a6 9. d3 Bg4 10. h3 Be6 11. Bxe6 fxe6 12. Ng5 Qd6 13. f4 h6 14. fxe5 Qxe5 15.
Bf4 Qb5 16. Nxe6 Rfc8 17. Nxc7 Rxc7 18. Bxc7 Qxb2 19. Nf5 Bxa3 20. Nxh6+ Kf8 21.
Qh5 1-0

[Event "AUTO-MASTER-470"]
[Site "http://www.queenalice.com/game.php?id=477759"]
[Date "2008.10.15"]
[Round "3"]
[White "VladimirSpirin"]
[Black "Nimzo81"]
[Result "1-0"]
[WhiteElo "1918"]
[BlackElo "2186"]

1. b3 e5 2. Bb2 Nc6 3. g3 d5 4. Bg2 Nf6 5. d3 Bc5 6. e3 O-O 7. Ne2 Be6 8. Nd2
Qe7 9. a3 Bd6 10. h3 Nd7 11. b4 a6 12. Nb3 f5 13. d4 e4 14. Nc5 Nd8 15. Nxe6
Nxe6 16. O-O g5 17. Nc3 Nb6 18. Bc1 c6 19. Re1 Nc4 20. Bf1 b5 21. Nb1 f4 22.
exf4 gxf4 23. c3 fxg3 24. fxg3 Bxg3 25. Re2 Kh8 26. Rg2 Rf3 27. Be2 Bf2+ 28.
Rxf2 Rg8+ 29. Rg2 Rxg2+ 30. Kxg2 1-0

[Event "AUTO-MASTER-470"]
[Site "http://www.queenalice.com/game.php?id=477760"]
[Date "2008.10.15"]
[Round "3"]
[White "Nimzo81"]
[Black "VladimirSpirin"]
[Result "0-1"]
[WhiteElo "2166"]
[BlackElo "1945"]

1. Nc3 b6 2. e4 Bb7 3. d4 g6 4. Nf3 Bg7 5. Bc4 e6 6. O-O d6 7. Bg5 Ne7 8. Qd2 h6
9. Be3 Nd7 10. Qe2 a6 11. a4 g5 12. Nd2 Ng6 13. Nb3 Qe7 14. Qg4 Nf6 15. Qe2 O-O
16. f3 Nd7 17. Qd2 e5 18. Rad1 Rad8 19. Rfe1 Rfe8 20. g3 Kh7 21. Nd5 Bxd5 22.
Bxd5 Nb8 23. c3 c6 24. Bc4 Bf6 25. dxe5 dxe5 26. Qf2 c5 27. Bd5 Qc7 0-1

[Event "Challenge"]
[Site "http://www.queenalice.com/game.php?id=519908"]
[Date "2009.1.9"]
[Round "-"]
[White "Nimzo81"]
[Black "ingridcardoso"]
[Result "1-0"]
[WhiteElo "2147"]
[BlackElo "1525"]

1. Nc3 e5 2. e4 Nf6 3. f4 d6 4. Nf3 Bg4 5. d4 Nc6 6. Bb5 d5 7. Qd3 Bb4 8. O-O
O-O 9. exd5 Nxd5 10. Nxd5 Qxd5 11. Bc4 Qd6 12. fxe5 Qd8 13. c3 Ba5 14. Ng5 g6
15. Nxf7 Qh4 16. Bg5 Bf5 17. Rxf5 1-0

[Event "TP-GIXG"]
[Site "http://www.queenalice.com/game.php?id=538304"]
[Date "2009.2.10"]
[Round "3"]
[White "Sugarrayederson"]
[Black "Nimzo81"]
[Result "1-0"]
[WhiteElo "2068"]
[BlackElo "2137"]

1. d4 Nf6 2. Nf3 g6 3. Bf4 d5 4. h3 Bg7 5. e3 O-O 6. Bd3 b6 7. c3 Ba6 8. Bxa6
Nxa6 9. Qe2 Qc8 10. O-O c5 11. Nbd2 Nc7 12. e4 dxe4 13. Nxe4 1-0

[Event "Challenge"]
[Site "http://www.queenalice.com/game.php?id=1185582"]
[Date "2013.5.29"]
[Round "-"]
[White "AliceLachmann00"]
[Black "Nimzo81"]
[Result "0-1"]
[WhiteElo "1522"]
[BlackElo "2124"]

1. Nf3 d5 2. d4 Nf6 3. e3 Bg4 4. Nc3 e6 5. Be2 c5 6. h3 Bh5 7. Ne5 Bxe2 8. Qxe2
a6 9. O-O Nbd7 10. b3 Bd6 11. f4 O-O 12. Bb2 cxd4 13. exd4 Rc8 14. a3 Qc7 15.
Rfc1 Qb6 16. Na4 Qd8 17. Bc3 b5 18. Be1 bxa4 19. Qxa6 Nb6 20. bxa4 Nc4 21. Nxc4
Rxc4 22. Qa5 Qxa5 23. Bxa5 Rxa4 24. Bd2 Rxd4 25. Be3 Bc5 26. Ra2 Rc4 27. Bxc5
Rxc5 28. a4 Ra5 29. c3 Rfa8 30. Rca1 Ne4 31. Ra3 Nc5 32. Rb1 Rxa4 33. Rxa4 Nxa4
34. Rc1 Rc8 35. Kf2 Kf8 36. Kg3 Rxc3+ 0-1

[Event "Challenge"]
[Site "http://www.queenalice.com/game.php?id=1185871"]
[Date "2013.5.30"]
[Round "-"]
[White "Nimzo81"]
[Black "AliceLachmann00"]
[Result "1-0"]
[WhiteElo "2123"]
[BlackElo "1484"]

1. Nc3 e6 2. e4 g6 3. d4 Bg7 4. f4 Ne7 5. Nf3 O-O 6. Bd3 Nbc6 7. Be3 d6 8. O-O
f5 9. a3 h6 10. Qe1 e5 11. fxe5 dxe5 12. dxe5 Nxe5 13. Nxe5 Bxe5 14. Bxh6 Bg7
15. Bxg7 Kxg7 16. exf5 Nxf5 17. Qe5+ Kh7 18. Rad1 Qd6 19. Qe2 Be6 20. Ne4 Qe7
21. Qd2 Kg7 22. Rfe1 Rh8 23. Ng5 Nd4 24. Nxe6+ Nxe6 25. Qc3+ Kh7 26. Bc4 Qc5+
27. Kh1 Qh5 28. Bxe6 Rae8 29. Qxc7+ Kh6 30. Rd3 Rh7 31. Qf4+ g5 32. Qf6+ 1-0

[Event "zhiii00"]
[Site "http://www.queenalice.com/game.php?id=1345038"]
[Date "2015.3.2"]
[Round "1"]
[White "Nimzo81"]
[Black "GMcruz"]
[Result "1-0"]
[WhiteElo "2125"]
[BlackElo "2151"]

1. Nc3 d5 2. e4 dxe4 3. Nxe4 Nf6 4. Nxf6+ gxf6 5. d4 e6 6. Be2 c5 7. Be3 Nc6 8.
dxc5 Qc7 9. Nf3 Bd7 10. c3 a5 11. Nd4 Ne5 12. b4 Be7 13. f4 Ng6 14. Nb5 Qc6 15.
O-O f5 16. a4 O-O 17. Bf3 Qc8 18. Qe2 Rd8 19. g3 Bc6 20. Ra2 Rd7 21. Bd4 Qd8 22.
h4 Bf6 23. Bxc6 bxc6 24. Nd6 axb4 25. Bxf6 Qxf6 26. Qc4 Qxc3 27. Qxc3 bxc3 28.
a5 Ne7 29. Nc4 Rd5 30. Nb6 Rdd8 31. Nxa8 Rxa8 32. Kf2 Ra6 33. Rc1 Nd5 34. Ra4
Kf8 35. Ke2 Ke7 36. Kd3 Kd7 37. Rb1 Kc7 38. Rg1 h5 39. Rb1 1-0